000 01002cam a2200301 a 4500
001 2568
005 20240123154548.0
020 _a0821919857
020 _a9780590982078
040 _aDLC
_cDLC
_dDLC
_beng
050 0 0 _aPZ7.T21723
_bRo 1999
082 0 0 _a813.54
_221
100 1 _aTaylor, Mildred D.
245 1 0 _aRoll of thunder, hear my cry /
_cMildred D. Taylor
260 _aNew York :
_bScholastic,
_c1999
300 _a210 pages :
_billustrations ;
_c22 cm
505 _aY
520 _aA black family living in Mississippi during the Depression of the 1930s is faced with prejudice and discrimination which its children do not understand.
521 _a920
_bLexile
521 _aY
_bRaz-Plus
650 0 _aAfrican Americans
_vJuvenile fiction.
650 1 _aAfrican Americans
_vFiction.
650 1 _aPrejudices
_vFiction.
650 1 _aRace relations
_vFiction.
650 1 _aDepressions
_y1929
_vFiction.
906 _a7
_bcbc
_corignew
_d1
_eocip
_f19
_gy-gencatlg
942 _2ddc
_cBK
_n0
999 _c2568
_d2568